Engendering Crime Prevention: International Developments and the Canadian Experience

Saved in:  
Bibliographic Details
Authors: Shaw, Margaret (Author) ; Andrew, Caroline (Author)
Format: Print Article
Language:English
Published: 2005
In: Canadian journal of criminology and criminal justice
Year: 2005, Volume: 47, Issue: 2, Pages: 293-316
Check availability: HBZ Gateway
Keywords:

MARC

LEADER 00000caa a22000002c 4500
001 1640339566
003 DE-627
005 20220608131737.0
007 tu
008 160223s2005 xx ||||| 00| ||eng c
035 |a (DE-627)1640339566 
035 |a (DE-576)456120831 
035 |a (DE-599)BSZ456120831 
040 |a DE-627  |b ger  |c DE-627  |e rakwb 
041 |a eng 
100 1 |a Shaw, Margaret  |4 aut 
109 |a Shaw, Margaret 
245 1 0 |a Engendering Crime Prevention: International Developments and the Canadian Experience  |c Margaret Shaw, Caroline Andrew 
264 1 |c 2005 
336 |a Text  |b txt  |2 rdacontent 
337 |a ohne Hilfsmittel zu benutzen  |b n  |2 rdamedia 
338 |a Band  |b nc  |2 rdacarrier 
700 1 |a Andrew, Caroline  |4 aut 
773 0 8 |i In  |t Canadian journal of criminology and criminal justice  |d Ottawa, Ont. : Assoc., 2003  |g 47(2005), 2, Seite 293-316  |w (DE-627)364113855  |w (DE-600)2110799-3  |w (DE-576)105431184  |x 1707-7753  |7 nnas 
773 1 8 |g volume:47  |g year:2005  |g number:2  |g pages:293-316 
935 |a mkri 
951 |a AR 
ELC |b 1 
LOK |0 000 xxxxxcx a22 zn 4500 
LOK |0 001 3301929567 
LOK |0 003 DE-627 
LOK |0 004 1640339566 
LOK |0 005 20160223101707 
LOK |0 008 160208||||||||||||||||ger||||||| 
LOK |0 040   |a DE-21-110  |c DE-627  |d DE-21-110 
LOK |0 689   |a s  |a Kriminalprävention 
LOK |0 689   |a s  |a Kanada 
LOK |0 689   |a s  |a International 
LOK |0 689   |a s  |a Geschlecht 
LOK |0 852   |z Kein Bestand am IfK; Nachweis für KrimDok 
LOK |0 852   |a DE-21-110 
LOK |0 852 1  |m v  |9 00 
LOK |0 935   |a k110 
LOK |0 938   |k v 
LOK |0 939   |a 08-02-16  |b l01 
ORI |a SA-MARC-krimdoka001.raw